| 000 | 01042nam a2200277 i 4500 | ||
|---|---|---|---|
| 003 | DO-SdBNP | ||
| 005 | 20240301102402.0 | ||
| 007 | ta | ||
| 008 | 240301s1994 dr a c 000 0 spa d | ||
| 040 |
_aDO-SdBNP _bspa _cBNPHU _erda |
||
| 082 |
_bM828 _222 |
||
| 100 |
_aMorales, Mariana de Js. _929274 |
||
| 245 | 1 | 0 |
_aMatemática y ciencias naturales : _blibro del alumno, 6to. grado / _cciencias matemáticas Mariana de Js. Morales, Rafael Guillermo Díaz ; ciencias naturales Elfrida Pimentel, Mirian Astacio |
| 264 | 1 |
_aSanto Domingo : _bSecretaria de Estado de Educación Bellas Artes y Cultos, _bPUCMM, _c1994. |
|
| 300 |
_a82 libros _bilustraciones _c27 cm. |
||
| 336 |
_2rdacontent _atexto _btxt |
||
| 337 |
_2rdamedia _asin mediación _bn |
||
| 338 |
_2rdacarrier _avolumen _bnc |
||
| 500 | _a6to. grado | ||
| 590 | _aInventariado, 2024/ YL | ||
| 700 | 1 | 2 |
_aDíaz, Rafael Guillermo _929275 _eautor |
| 700 | 2 |
_aPimentel, Elfrida _925917 _eautora |
|
| 700 | 1 | 2 |
_aAstacio, Mirian _eautora _984066 |
| 910 | _aYLockward | ||
| 942 |
_2ddc _cLBS1 |
||
| 999 |
_c56015 _d56015 |
||